Общество риска.На пути к другому модерну: пер. с нем.

Detaylı Bibliyografya
Yazar: Бек У. Ульрих
Dil:Rusça
Baskı/Yayın Bilgisi: Москва, Прогресс-Традиция, 2000
Konular:
Materyal Türü: MixedMaterials Kitap
KOHA link:https://koha.lib.tpu.ru/cgi-bin/koha/opac-detail.pl?biblionumber=41040

MARC

LEADER 00000nam0a2200000 4500
001 41040
005 20231101210650.0
010 |a 5898260595 
035 |a (RuTPU)RU\TPU\book\42107 
090 |a 41040 
100 |a 20020604d2000 k y0rusy50 ca 
101 1 |a rus 
102 |a RU 
105 |a a z 000zy 
200 1 |a Общество риска.На пути к другому модерну  |e пер. с нем.  |f У. Бек 
210 |a Москва  |c Прогресс-Традиция  |d 2000 
215 |a 384 с. 
606 1 |a Социальное развитие  |2 stltpush  |3 (RuTPU)RU\TPU\subj\37881  |9 58652 
610 1 |a социология 
610 1 |a общественное развитие 
610 1 |a цивилизация 
610 1 |a общество 
686 |a С550  |v LBC/SL-A  |2 rubbk 
700 1 |a Бек  |b У.  |g Ульрих 
801 1 |a RU  |b 63413507  |c 20020604  |g PSBO 
801 2 |a RU  |b 63413507  |c 20140523  |g PSBO 
942 |c BK